[Event "7th Cattolica Open-A 2020"]
[Site "Cattolica"]
[Date "2020.09.04"]
[Round "5.10"]
[White "Pecci, William"]
[Black "Mendonca, Leon Luke"]
[Result "0-1"]
[WhiteElo "2012"]
[BlackElo "2490"]
[Annotator "TA"]
[PlyCount "160"]
[EventDate "2020.08.31"]
[EventType "swiss"]
[EventCountry "ITA"]
[SourceTitle "playchess.com"]
[Source "ChessBase"]
[SourceQuality "1"]

{[%evp 17,160,13,25,-10,44,4,25,25,36,29,81,46,44,0,0,0,8,-6,-1,-13,-7,-16,-11,-22,-19,-72,-72,-67,-66,-73,-84,-84,-85,-93,-91,-162,-111,-265,-45,-45,-40,-38,-36,-113,-96,-162,-162,-290,-200,-314,-142,-177,-164,-217,-83,-172,-106,-190,-183,-244,-237,-213,-203,-250,-250,-409,-240,-462,-467,-447,-447,-402,-326,-543,-543,-470,-450,-541,-481,-792,-685,-581,-493,-7629,-4283,-7524,-10418,-29948,-29948,-29941,-12529,-29957,-29957,-29968,-29958,-29972,-29974,-29977,-29975,-29975,-29976,-29976,-29977,-29976,-29971,-29976,-29977,-29977,-29978,-29978,-29976,-29977,-29974,-29974,-29975,-29976,-29977,-29978,-29979,-29979,-29980,-29980,-29981,-29981,-29982,-29982,-29983,-29983,-29983,-29985,-29983,-29990,-29991,-29991,-29992,-29993,-29994,-29994,-29991,-29990,-29990,-29993,-29994,-29994,-4627]} 1. e4 g6 2. d4 Bg7 3. Nc3 d6 4. g3 Nf6 5. Bg2 O-O 6. Nge2 c6 7. h3 Nbd7 8. O-O Qc7 9. Be3 e5 10. f4 {B07: Pirc Defence: Miscellaneous Systems.} exd4 (10... b5 $11) 11. Bxd4 {[#]} b6 $146 {[%cal Bb7b6,Bb6b5,Bb5b4][%mdl 32]} ({Predecessor:} 11... Re8 12. a4 a5 13. g4 Nc5 14. Ng3 Ne6 15. Be3 Nd7 16. Qd2 Nb6 17. b3 Nd7 18. Rad1 Nec5 19. Nce2 Bf8 20. g5 b6 {1-0 (42) Saint Pierre,B-Roy,A Montreal 1987}) 12. g4 {White has an edge.} Ba6 13. Re1 Bxe2 (13... h6 $11 {keeps the balance.}) 14. Rxe2 (14. Nxe2 {is more complex.} Rad8 15. c4 Nc5 16. Qc2 Rfe8 17. Rad1) 14... Rfe8 15. Bf3 h6 16. Qd2 b5 17. Rd1 Rad8 18. Qe1 b4 19. Nb1 c5 20. Bf2 g5 21. e5 (21. fxg5 $11 hxg5 22. Bg2) 21... dxe5 $17 22. fxg5 hxg5 23. Bg3 Nf8 {[%cal Bd7f8,Bf8g6,Bg6f4][%mdl 32]} 24. Rxd8 Qxd8 25. c3 Ng6 26. cxb4 {[#]} (26. Nd2 $17) 26... cxb4 ({Better is} 26... e4 $1 $19 {[%mdl 512]} 27. Bxe4 Nxe4 28. Rxe4 Rxe4 29. Qxe4 cxb4) 27. Qxb4 $2 {[#]} (27. Nd2 $17) 27... Qd3 $2 ({Black should play} 27... e4 $1 $19 {[%cal Re4f3][%mdl 512]} 28. Bg2 (28. Bxe4 Nxe4) 28... Nf4) 28. Qb3 $1 $15 {[%cal Rb3d3]} Qxb3 ({Inferior is} 28... Qxb1+ 29. Re1 $16) 29. axb3 e4 30. Bh1 (30. Bg2 $15) 30... Nf4 $36 {[%mdl 2048] White is under strong pressure.} 31. Bxf4 (31. Re1 $17) 31... gxf4 $19 32. g5 (32. Nc3 $142 f3 33. Re1) 32... f3 33. Re1 (33. Bxf3 $142 exf3 34. Rxe8+ Nxe8 35. Kf2) 33... Nh7 (33... Nh5 $1 $19 {is more deadly. Hoping for ...Bd4+.} 34. Nd2 Bd4+ 35. Kh2 Be5+ 36. Kg1 f2+ $1 {[%mdl 576] Decoy} 37. Kxf2 Bg3+ {[%mdl 64] Skewer} 38. Kf1 Bxe1 39. Kxe1 Ng3) 34. Bxf3 Nxg5 35. Bg4 (35. Bg2 $142) 35... Bxb2 (35... f5 $1 $19 {[%cal Rf5g4]} 36. h4 fxg4 37. hxg5 Bxb2) 36. h4 {[#]} (36. Kg2 $17 {keeps fighting.}) 36... Nh7 (36... f5 $1 $19 {[%mdl 512]} 37. Bh5 (37. Bxf5 Nf3+) 37... Nf7) 37. Re2 (37. Nd2 $17 {might work better.}) 37... Bd4+ 38. Kg2 (38. Kf1 {was called for.}) 38... Nf6 39. Kh3 Kg7 40. Nd2 Kg6 41. Nc4 $2 (41. Rg2 Nxg4 42. Rxg4+ Kf5 43. Nf1) 41... Rb8 (41... Nxg4 $142 42. Kxg4 f5+ 43. Kf4 Rh8) 42. Nd2 $2 (42. Kg2 {is the only way for White.}) 42... Nxg4 43. Kxg4 {[%mdl 4096] Endgame intending h5+. KRB-KRN} f5+ 44. Kf4 Bg7 45. Nxe4 $2 (45. Rg2+ Kf6 46. Nxe4+ fxe4 47. Ra2) 45... fxe4 46. Rxe4 Rxb3 {KRB-KR} 47. Ra4 Bh6+ 48. Ke4 (48. Kg4 $142 Be3 49. h5+ Kf7 50. Rc4) 48... Be3 49. Kd5 Bb6 50. Kc4 (50. Ke5 $142) 50... Rh3 51. Kb5 Kh5 52. Ka6 Rxh4 53. Ra2 Kg5 54. Ra1 Kf6 {Black mates.} 55. Ra2 Ke6 56. Ra1 Kd5 57. Ra2 Rh6 58. Kb5 Bd4 59. Rc2 Rb6+ 60. Ka5 Rb1 61. Ka4 Bc5 62. Ra2 Kc6 63. Ka5 Kb7 64. Rg2 Bb6+ 65. Ka4 Rg1 66. Rb2 Rg4+ 67. Ka3 Kc6 68. Re2 Bc5+ 69. Kb3 Kb5 70. Kc3 Rg3+ 71. Kb2 a5 {[%cal Ba7a5,Ba5a4,Ba4a3,Ba3a2][%mdl 32]} 72. Ka2 Rf3 73. Re4 Rf2+ 74. Kb1 a4 75. Rg4 a3 76. Re4 Bb4 77. Re3 Ka4 78. Rh3 Be7 79. Rh6 a2+ 80. Ka1 Bf6+ {Accuracy: White = 23%, Black = 66%.} 0-1

[Event "7th Cattolica Open-A 2020"]
[Site "Cattolica"]
[Date "2020.09.05"]
[Round "6.1"]
[White "David, Alberto"]
[Black "Studer, Noel"]
[Result "0-1"]
[WhiteElo "2520"]
[BlackElo "2573"]
[Annotator "TA"]
[PlyCount "54"]
[EventDate "2020.08.31"]
[EventType "swiss"]
[EventCountry "ITA"]
[SourceTitle "playchess.com"]
[Source "ChessBase"]
[SourceQuality "1"]

{[%evp 9,54,0,0,4,20,5,32,33,31,23,16,24,35,29,22,21,28,37,26,0,0,0,0,0,0,0,0,0,23,0,0,-3,0,-43,-33,-49,-33,-64,-21,-135,-137,-258,-92,-78,-77,-503,-509]} 1. e4 e5 2. Nf3 Nf6 3. Nc3 Nc6 4. a3 d5 5. Bb5 d4 6. Ne2 {next Nxe5 is good for White. C47: Scotch Four Knights and Four Knights with 4 g3.} Nxe4 7. d3 Nf6 8. Nxe5 {White is slightly better.} Qd5 9. Bxc6+ bxc6 10. Nf3 c5 11. O-O Bd6 12. c4 Qb7 13. b4 Bg4 {[#]} 14. Nh4 $146 ({Predecessor:} 14. bxc5 Bxf3 15. gxf3 Bxc5 16. Qa4+ c6 17. Rb1 Qc8 18. Bg5 Nd7 19. Ng3 O-O 20. Bf4 {½-½ (52) Glek,I (2580)-Zaja,I (2459) Austria 2005}) 14... O-O 15. bxc5 Bxc5 16. h3 Bd7 17. Ng3 Rfe8 18. Bg5 Qc6 19. Qf3 Re6 $36 {[%mdl 2048] White is under pressure.} 20. Ngf5 g6 21. Ng3 Rae8 22. Qd1 Bc8 23. Qd2 Bb7 24. f4 (24. Bxf6 $11 {keeps the balance.} Rxf6 25. Ne4) 24... Re3 $17 25. Kh2 (25. f5 $17 h6 26. Bxe3 dxe3 27. Qe2) 25... Be7 $2 (25... Nh5 $19 {and Black stays clearly on top.} 26. Rf3 h6 $1 {[%mdl 512]} 27. Bxh6 Nxg3 28. Rxg3 Kh7) 26. Nf3 Qd6 {aiming for ...Nd7.} 27. Ne5 $2 {[%mdl 8192] [#]} (27. Rae1 $17 {is a better chance.}) 27... Rxg3 $1 {[%mdl 576] Remove Defender. Accuracy: White = 54%, Black = 83%.} 0-1

[Event "7th Cattolica Open-A 2020"]
[Site "Cattolica"]
[Date "2020.09.05"]
[Round "6.2"]
[White "Basso, Pier Luigi"]
[Black "Bailet, Pierre"]
[Result "1/2-1/2"]
[WhiteElo "2603"]
[BlackElo "2500"]
[Annotator "TA"]
[PlyCount "117"]
[EventDate "2020.08.31"]
[EventType "swiss"]
[EventCountry "ITA"]
[SourceTitle "playchess.com"]
[Source "ChessBase"]
[SourceQuality "1"]

{[%evp 11,117,22,26,25,22,33,26,28,25,29,34,20,22,21,22,20,35,32,30,20,18,17,17,18,25,31,38,12,32,12,15,12,16,16,43,35,49,50,85,85,85,71,107,85,85,85,85,85,85,39,41,41,42,42,50,57,57,22,64,72,70,57,57,57,97,57,62,0,0,0,0,0,0,0,0,0,0,0,0,0,0,0,0,0,0,0,0,0,0,0,0,0,0,0,0,0,0,0,0,0,0,0,0,0,0,0,0,0]} 1. d4 d5 2. c4 e6 3. Nc3 Be7 4. Nf3 Nf6 5. Bf4 O-O 6. e3 Nbd7 7. a3 {D37: Queen's Gambit Declined: 5 Bf4.} c5 8. cxd5 Nxd5 9. Nxd5 {White has an edge.} exd5 10. dxc5 Nxc5 11. Be5 Bf6 12. Bxf6 Qxf6 13. Qd4 Qxd4 14. Nxd4 Bd7 15. b4 Ne6 {[#]} 16. Bd3 $146 ({Predecessor:} 16. Kd2 Nxd4 17. exd4 Rfe8 {½-½ (17) Vertiz Gutierrez,P (2387)-Johnston,A (2387) ICCF email 2019}) 16... Nxd4 17. exd4 Rfe8+ 18. Kd2 Kf8 19. h4 ({Stronger than} 19. Bxh7 g6 $17) 19... h6 20. b5 Ke7 21. a4 Kd6 22. a5 b6 23. Rhc1 Reb8 24. Ra3 g5 25. hxg5 hxg5 26. Rca1 f6 27. g3 Rb7 28. axb6 Rxb6 29. Ra6 {[#] aiming for Rxb6+.} ({But not} 29. Rxa7 $6 Rxa7 30. Rxa7 Bxb5 $11) 29... Rab8 30. Kc3 {Hoping for Kb4.} Rxa6 $1 31. Rxa6+ $14 {[%mdl 4096] Endgame KRB-KRB} Rb6 32. Ra5 Rb7 33. Kb4 Rc7 34. Ra1 Bg4 35. f4 gxf4 36. gxf4 Bc8 37. Rh1 Bg4 38. Rh6 Ke6 39. Rh1 (39. Rh7 $1 $14 Rxh7 40. Bxh7) 39... Bf5 $11 {The position is equal.} 40. Re1+ Be4 $1 41. Bxe4 dxe4 42. Rxe4+ {KR-KR} Kd5 43. Re8 Rc4+ 44. Ka5 Rxd4 45. f5 Rd3 46. Kb4 Rd4+ 47. Ka5 Rd3 48. Re6 Ra3+ 49. Kb4 Ra1 50. Rxf6 Rb1+ 51. Ka4 Ra1+ 52. Kb3 Rb1+ 53. Kc3 Rxb5 54. Ra6 Ke5 55. f6 Rb7 56. Kc4 Rf7 57. Kb5 Rxf6 58. Rxf6 Kxf6 59. Ka6 {Accuracy: White = 89%, Black = 88%.} 1/2-1/2

[Event "7th Cattolica Open-A 2020"]
[Site "Cattolica"]
[Date "2020.09.05"]
[Round "6.3"]
[White "Degraeve, Jean-Marc"]
[Black "Degraeve, Remy"]
[Result "1/2-1/2"]
[WhiteElo "2530"]
[BlackElo "2349"]
[Annotator "TA"]
[PlyCount "55"]
[EventDate "2020.08.31"]
[EventType "swiss"]
[EventCountry "ITA"]
[SourceTitle "playchess.com"]
[Source "ChessBase"]
[SourceQuality "1"]

{[%evp 14,55,0,0,17,-12,5,6,17,4,0,8,0,6,4,15,5,3,10,0,6,8,21,12,25,6,6,3,43,9,54,30,30,25,297,4,7,0,0,0,0,0,0,0]} 1. e4 e5 2. Nf3 Nc6 3. d4 Nf6 4. Nc3 exd4 5. Nxd4 Bb4 6. Nxc6 bxc6 7. Bd3 d5 8. exd5 {With the idea Qe2+.} O-O {C47: Scotch Four Knights and Four Knights with 4 g3.} 9. O-O Bg4 10. f3 Bh5 $1 11. dxc6 Qd4+ 12. Kh1 {[#] Strongly threatening Bxh7+!} Bxc3 13. bxc3 Qxc3 14. Bf4 Qxc6 15. Qd2 Bg6 16. Rac1 {[#]} Nd5 $146 ({Predecessor:} 16... Rfd8 17. Rfe1 a5 18. Be5 Nd5 19. a3 Qa4 20. Bxg6 hxg6 21. Qd3 Rd7 22. h3 Rad8 {½-½ (31) Yu,Y (2738)-Aronian,L (2752) Stavanger 2019}) 17. Be5 Rfe8 18. Rfe1 Rad8 19. Bg3 Rxe1+ 20. Rxe1 Nc3 21. h3 Nxa2 (21... Bxd3 {seems wilder.} 22. cxd3 Nd5 23. Rc1 Qb7 24. Qc2 h6) 22. Qa5 Bxd3 23. cxd3 Nc1 $2 {[%mdl 8192] [#]} (23... Nc3 $11) 24. Qxa7 $2 ({White has to play} 24. Qg5 $1 $18 {[%mdl 512]} f6 25. Qxc1 Qxc1 26. Rxc1) 24... Nxd3 $11 {The position is equal.} 25. Qxc7 Qxc7 26. Bxc7 {Hoping for Re3.} Nxe1 27. Bxd8 Nd3 28. Kh2 {Accuracy: White = 71%, Black = 68%.} 1/2-1/2

[Event "7th Cattolica Open-A 2020"]
[Site "Cattolica"]
[Date "2020.09.05"]
[Round "6.4"]
[White "Krallis, Christos"]
[Black "Van Foreest, Lucas"]
[Result "1/2-1/2"]
[WhiteElo "2402"]
[BlackElo "2531"]
[Annotator "RC"]
[PlyCount "54"]
[EventDate "2020.08.31"]
[EventType "swiss"]
[EventCountry "ITA"]
[SourceTitle "playchess.com"]
[Source "ChessBase"]
[SourceQuality "1"]
[TimeControl "5400+30"]

1. d4 {[%emt 0:00:00]} Nf6 {[%emt 0:00:07]} 2. c4 {[%emt 0:00:00]} e6 {[%emt 0:00:07]} 3. Nf3 {[%emt 0:00:30]} d5 {[%emt 0:00:07]} 4. g3 {[%emt 0:00:08]} dxc4 {[%emt 0:00:19]} 5. Bg2 {[%emt 0:00:34]} a6 {[%emt 0:00:18]} 6. O-O {[%emt 1:31:48]} Nc6 7. e3 {[%emt 0:00:00]} Rb8 {[%emt 0:00:34]} 8. Qe2 {[%emt 0:00:00]} b5 {[%emt 0:00:43]} 9. b3 {[%emt 0:00:00]} cxb3 {[%emt 0:00:15]} 10. axb3 {[%emt 0:00:00]} Bd6 {[%emt 1:32:30]} 11. Bd2 {[%emt 0:00:00]} Bb7 {[%emt 0:00:00]} 12. Rc1 {[%emt 0:00:00]} O-O {[%emt 0:00:00]} 13. Ne1 {[%emt 0:00:00]} Qd7 {[%emt 0:00:00]} 14. Nd3 {[%emt 0:00:00]} Rfd8 {[%emt 0:00:00]} 15. Nc5 {[%emt 0:00:00]} Bxc5 {[%emt 0:00:00]} 16. Rxc5 {[%emt 0:00:00]} Nxd4 {[%emt 0:00:00]} 17. exd4 {[%emt 0:00:00]} Qxd4 {[%emt 0:03:30]} 18. Qe5 {[%emt 0:06:00]} Ne4 {[%emt 0:00:00]} 19. Qxd4 Rxd4 20. Bxe4 {[%emt 0:00:00]} Bxe4 {[%emt 0:00:00]} 21. Nc3 {[%emt 0:00:00]} Bf3 {[%emt 0:00:00]} 22. Be3 {[%emt 0:00:00]} Rd3 {[%emt 0:00:00]} 23. b4 {[%emt 0:02:30]} Rbd8 24. Re1 {[%emt 0:00:00]} c6 {[%emt 0:00:00]} 25. Ne2 {[%emt 0:00:00]} Rd1 {[%emt 0:00:00]} 26. Kf1 {[%emt 0:00:00]} Bg2+ {[%emt 0:00:00]} 27. Kxg2 {[%emt 0:00:00]} Rxe1 {[%emt 0:00:00]} 1/2-1/2

[Event "7th Cattolica Open-A 2020"]
[Site "Cattolica"]
[Date "2020.09.05"]
[Round "6.5"]
[White "Solomon, Kenny"]
[Black "Orfini, Nicolo`"]
[Result "1-0"]
[WhiteElo "2352"]
[BlackElo "2225"]
[Annotator "TA"]
[PlyCount "111"]
[EventDate "2020.08.31"]
[EventType "swiss"]
[EventCountry "ITA"]
[SourceTitle "playchess.com"]
[Source "ChessBase"]
[SourceQuality "1"]

{[%evp 9,111,50,51,35,49,35,84,91,97,85,98,83,111,104,116,113,119,102,123,58,181,118,127,125,106,113,128,117,157,156,168,159,173,144,203,195,263,147,159,156,145,128,190,183,196,206,205,206,260,231,241,204,203,168,252,251,316,280,287,229,458,452,387,188,195,145,141,151,145,139,139,127,129,148,221,201,272,272,309,293,258,196,268,257,326,215,244,238,222,0,0,0,205,91,341,352,891,988,960,979,930,931,29974,691]} 1. d4 Nf6 2. c4 c5 3. d5 a6 4. Qc2 e6 5. e4 d6 {[#]} 6. Bd3 $146 {A56: Czech Benoni.} ({Predecessor:} 6. Nc3 g6 7. Be2 Bg7 8. Nf3 exd5 9. cxd5 b5 10. a4 b4 11. Nd1 Bg4 12. h3 Bxf3 13. Bxf3 {0-1 (27) Banovic,I (2224)-Budisavljevic,L (2324) Novi Sad 2018}) 6... g6 7. Nf3 e5 8. Nc3 {White is better.} Bg7 9. h3 O-O 10. Bg5 b5 11. cxb5 axb5 12. Bxb5 Na6 13. Qd2 Qa5 14. O-O (14. Bc6 $16 Rb8 15. a4) 14... Nc7 (14... Nxe4 $1 $14 15. Nxe4 {[%mdl 64] Discovered Attack} Qxb5) 15. Bd3 ({White should try} 15. Bc6 $18) 15... Ba6 $16 16. Rfe1 Rfb8 17. Bxa6 Rxa6 18. Qc2 Qb4 19. Rab1 Qb7 20. Nd2 Nh5 21. Nc4 f6 (21... Nf4 $16 {was called for.} 22. b3 h6) 22. Be3 $18 Qc8 (22... Nb5 $142 23. Nxb5 Qxb5) 23. Qd2 (23. a4 $18) 23... f5 $16 24. exf5 gxf5 25. Bh6 Bf6 (25... Qf8 $16 26. Qg5 Qf6) 26. Kh2 Ng7 27. Rg1 Nce8 28. g4 f4 29. b3 Kh8 30. Ne4 Be7 31. Qc2 Qd8 (31... Nf6 $142) 32. a3 $18 Rc8 33. Qd3 Ra7 34. h4 Bxh4 $2 (34... Nc7 35. g5 Nb5 36. Bxg7+ Kxg7) 35. Qh3 Be7 36. Kg2 (36. g5 $142) 36... Nf6 37. Rh1 Qg8 38. Bxg7+ Qxg7 39. Nxf6 $1 (39. Ncxd6 Bxd6 40. Nxd6 Rg8 $17) 39... Bxf6 40. Nxd6 Rd8 {[#]} 41. Ne4 $1 $36 {[%mdl 2048] White is on the roll.} Rxd5 (41... Qg6 $16 42. f3 (42. Nxc5 Rxd5 43. Rbc1 e4 $11) 42... Rxd5) 42. Qh5 {Qe8+ is the strong threat.} Rf7 43. Rbd1 Rd4 44. Nxc5 f3+ 45. Kh3 Re7 {[#]} (45... Be7 {was necessary.}) 46. Ne4 $1 {[%mdl 512]} Re6 (46... Rxe4 47. Rd8+) 47. Ng3 Bg5 48. Nf5 {[%mdl 64] Double Attack} Qg8 {intending ...Rg6.} 49. Kg3 $2 (49. Nxd4 exd4 50. Rxd4 Rh6 $17) (49. Rhe1 $18 Rd8 50. Rxd8 Qxd8 51. Qf7) 49... Bf4+ $11 50. Kh3 Qf8 $2 {[#]} (50... Bg5 $1 $11 {and Black has nothing to worry.}) 51. b4 ({Wrong is} 51. Nxd4 $2 Rh6 $19) (51. Rxd4 exd4 52. Rd1 d3 $11) (51. Rhe1 $1 $18 {and the rest is easy.} Rd8 52. a4 (52. Rxd8 Qxd8 53. Qf7 Rg6 $16)) 51... Qd8 $2 (51... Rg6 $16) 52. Qf7 $18 {[%csl Gf5][%cal Rf7g7]} ({Worse is} 52. Nxd4 exd4 53. g5 Bxg5 $11) 52... Rg6 $2 (52... Qg8 53. Qb7 (53. Qxg8+ Kxg8 54. g5 Rxd1 $18) 53... Rxd1 54. Rxd1 h5 55. Qxf3 Qf8) 53. Rxd4 exd4 54. Re1 {Threatening mate with Re8+.} Be3 55. fxe3 Qg5 56. Qe8+ {Accuracy: White = 66%, Black = 46%.} 1-0

[Event "7th Cattolica Open-A 2020"]
[Site "Cattolica"]
[Date "2020.09.05"]
[Round "6.6"]
[White "Mendonca, Leon Luke"]
[Black "Bifulco, Michel"]
[Result "1-0"]
[WhiteElo "2490"]
[BlackElo "2251"]
[Annotator "TA"]
[PlyCount "41"]
[EventDate "2020.08.31"]
[EventType "swiss"]
[EventCountry "ITA"]
[SourceTitle "playchess.com"]
[Source "ChessBase"]
[SourceQuality "1"]

{[%evp 11,41,20,30,25,30,16,12,-17,-6,-4,20,16,12,-16,22,16,81,84,79,56,95,103,131,116,126,126,188,187,186,177,271,255]} 1. Nf3 d5 2. g3 g6 3. Bg2 Bg7 4. d4 c6 5. O-O Nf6 6. b3 O-O 7. Bb2 {D02: 1 d4 d5 2 Nf3 sidelines, including 2...Nf6 3 g3 and 2...Nf6 3 Bf4.} a5 8. Nbd2 a4 9. bxa4 {[#] The position is equal.} Rxa4 $146 ({Predecessor:} 9... Qa5 10. c4 Nbd7 11. cxd5 Nxd5 12. Nb3 Qxa4 13. e4 Nb4 14. Qb1 b6 15. Rd1 Ba6 {0-1 (35) Becker,J-Moberg,K (2300) Lindesberg 1993}) 10. c4 b5 11. cxb5 cxb5 12. Qb3 Qa5 13. Rfc1 Ne4 (13... Be6 $11) 14. Nxe4 $16 dxe4 15. Ng5 $36 {[%mdl 2048] White has good play.} Bg4 16. e3 ({Reject} 16. Bxe4 $6 Bxe2 17. Qe3 Bc4 $11) 16... h6 17. Nxe4 {Nc3 is the strong threat.} Be6 18. Qc3 Qxc3 (18... b4 $16 19. Qc7 Nd7) 19. Nxc3 $18 Ra5 20. Nd5 Ra7 (20... Bxd5 {was called for.} 21. Bxd5 e6) 21. Rc5 {Accuracy: White = 77%, Black = 33%.} 1-0

[Event "7th Cattolica Open-A 2020"]
[Site "Cattolica"]
[Date "2020.09.05"]
[Round "6.7"]
[White "Colonetti, Fabio"]
[Black "Reimanis, Ritvars"]
[Result "1/2-1/2"]
[WhiteElo "2070"]
[BlackElo "2421"]
[Annotator "TA"]
[PlyCount "81"]
[EventDate "2020.08.31"]
[EventType "swiss"]
[EventCountry "ITA"]
[SourceTitle "playchess.com"]
[Source "ChessBase"]
[SourceQuality "1"]

{[%evp 19,81,23,15,0,0,0,15,24,39,26,43,0,0,-9,0,0,0,-8,0,0,0,-18,0,-6,-8,-10,0,-30,-20,-36,-22,-52,-16,-40,-40,-39,-53,-41,-31,-55,-40,-43,-52,-48,-49,-106,-67,-55,-20,-55,-62,-54,-55,-55,-54,-462,-169,-220,0,0,-8,-14,9,11]} 1. d4 Nf6 2. c4 c6 3. Nf3 d5 4. e3 e6 5. Bd3 dxc4 6. Bxc4 b5 7. Bd3 a6 8. O-O c5 9. dxc5 Bxc5 10. Qe2 Nbd7 11. a3 {D26: Queen's Gambit Accepted: 4 e3 e6 5 Bxc5 c5 sidelines.} Bb7 12. Nbd2 {[#]} Nd5 $146 ({Predecessor:} 12... Bd6 13. b4 Ne5 14. Bb1 Rc8 15. Bb2 Nc4 16. Nxc4 bxc4 17. Rc1 Ng4 18. h3 Bxf3 19. gxf3 Nh6 20. Rxc4 Qg5+ 21. Kf1 O-O 22. Qc2 {1-0 (22) Abasov,N (2655)-Nabaty,T (2639) Germany 2019}) 13. Nb3 Bd6 14. Bd2 Rc8 15. Rac1 O-O 16. Na5 Ba8 17. Rxc8 Qxc8 18. Rc1 Qb8 19. Nc6 Qe8 20. Na5 N7b6 21. b4 Qd7 22. Bb1 Rd8 23. Nd4 Ne7 24. Ndb3 Na4 25. Be1 Bb8 26. f3 Be5 27. Nc5 Nxc5 28. bxc5 Qc7 29. f4 Bf6 30. Nb3 Rc8 31. Ba5 Qb8 32. Bb6 ({White should try} 32. Nd2 $15) 32... Nd5 33. Ba5 Be7 (33... Qb7 $5 {[%cal Rd5e3]} 34. Rc2 Be7 $15) 34. Bb4 Nf6 35. Nd4 a5 36. Bxa5 Bxc5 37. Nxb5 $2 {[%mdl 8192] [#]} (37. Bd2 $1 $15) 37... Nd5 $2 (37... Ng4 $1 {[%mdl 512] ( -> ...Qxf4)} 38. Bd2 (38. Qxg4 Bxe3+) 38... Qxf4 {[%mdl 64] Double Attack}) 38. Nd4 $19 {[#]} Bxa3 $2 (38... Nxf4 $1 $19 {[%mdl 512]} 39. Qc2 (39. exf4 Bxd4+) 39... f5) 39. Rxc8+ {The position is equal.} Qxc8 40. Bxh7+ Kf8 {Threatens to win with ...g6.} (40... Kxh7 $5 41. Qd3+ $8 {[%mdl 64] Double Attack} Kg8 42. Qxa3 Qb7 $11) 41. Bc2 {Accuracy: White = 75%, Black = 74%.} 1/2-1/2

[Event "7th Cattolica Open-A 2020"]
[Site "Cattolica"]
[Date "2020.09.05"]
[Round "6.8"]
[White "Le Goff, Damien"]
[Black "Carlo, Emanuele"]
[Result "1-0"]
[WhiteElo "2281"]
[BlackElo "2280"]
[Annotator "ChessBase"]
[PlyCount "81"]
[EventDate "2020.08.31"]
[EventType "swiss"]
[EventCountry "ITA"]
[SourceTitle "playchess.com"]
[Source "ChessBase"]
[SourceQuality "1"]
[TimeControl "5400+30"]

1. e4 {[%emt 0:01:36]} c5 {[%emt 0:00:00]} 2. Nc3 {[%emt 0:00:31]} d6 {[%emt 0:00:43]} 3. Nge2 {[%emt 0:00:26]} e5 {[%emt 0:04:10]} 4. g3 {[%emt 0:00:33]} g6 {[%emt 0:02:55]} 5. Bg2 {[%emt 0:04:55]} Bg7 {[%emt 0:01:34]} 6. O-O {[%emt 0:11:21]} Ne7 {[%emt 0:04:59]} 7. a3 {[%emt 0:10:20]} O-O {[%emt 0:07:17]} 8. b4 {[%emt 0:03:52]} Nbc6 {[%emt 0:02:49]} 9. Rb1 {[%emt 0:01:10]} Rb8 {[%emt 0:07:56]} 10. d3 {[%emt 0:02:01]} Be6 {[%emt 0:05:21]} 11. Nd5 {[%emt 0:01:44]} Nd4 {[%emt 0:57:46]} 12. c4 {[%emt 0:57:31]} Nxe2+ {[%emt 0:00:00]} 13. Qxe2 {[%emt 0:00:00]} Bxd5 {[%emt 0:00:00]} 14. cxd5 {[%emt 0:00:00]} cxb4 {[%emt 0:00:00]} 15. axb4 {[%emt 0:00:00]} f5 {[%emt 0:00:00]} 16. f3 {[%emt 0:00:00]} a5 {[%emt 0:00:00]} 17. bxa5 {[%emt 0:00:00]} Qxa5 {[%emt 0:00:00]} 18. Bd2 {[%emt 0:00:00]} Qa6 {[%emt 0:00:00]} 19. Ra1 {[%emt 0:00:00]} Qb6+ {[%emt 0:00:00]} 20. Be3 {[%emt 0:00:00]} Qd8 {[%emt 0:00:00]} 21. Rfb1 {[%emt 0:00:00]} b5 {[%emt 0:00:00]} 22. Bf2 {[%emt 0:00:00]} Qd7 {[%emt 0:00:00]} 23. Ra7 {[%emt 0:00:00]} Rb7 {[%emt 0:00:00]} 24. Rxb7 {[%emt 0:00:00]} Qxb7 {[%emt 0:00:00]} 25. Qb2 {[%emt 0:00:00]} Rb8 {[%emt 0:00:00]} 26. Qb4 {[%emt 0:00:00]} Qc7 {[%emt 0:00:00]} 27. Ra1 {[%emt 0:00:00]} fxe4 {[%emt 0:00:00]} 28. dxe4 {[%emt 0:00:00]} Nc8 {[%emt 0:00:00]} 29. Bf1 {[%emt 0:00:00]} Rb7 {[%emt 0:00:00]} 30. Ra8 {[%emt 0:00:00]} Bf8 {[%emt 0:00:00]} 31. Ra3 {[%emt 0:00:00]} Na7 {[%emt 0:03:10]} 32. Bh3 {[%emt 0:00:00]} Bh6 {[%emt 0:03:28]} 33. Kg2 {[%emt 0:00:00]} Bf8 {[%emt 0:00:07]} 34. Rc3 {[%emt 0:00:47]} Qb8 {[%emt 0:01:18]} 35. Be6+ {[%emt 0:01:12]} Kg7 {[%emt 0:00:33]} 36. f4 {[%emt 0:00:55]} Rc7 {[%emt 0:01:09]} 37. Rf3 {[%emt 0:01:58]} Qe8 {[%emt 0:02:40]} 38. Qb2 {[%emt 0:03:01]} Nc6 {[%emt 0:00:08]} 39. Rc3 {[%emt 0:02:03]} b4 {[%emt 0:00:40]} 40. Rc1 {[%emt 0:00:59]} Qe7 {[%emt 0:00:37]} 41. Bb6 {[%emt 0:01:12]} 1-0